000 00680nam a2200265Ia 4500
003 OSt
005 20220918163227.0
006 a|||||r|||| 00| 0
007 ta
008 220917b |||||||| |||| 00| 0 eng d
020 _a0 413 39270 8
024 _a28,070
037 _cTextual
040 _aARTS
_cARTS
_beng
041 _2eng
_aeng
082 _aO111,2N34x, L8
100 _aBond Edward
_912161
245 0 _aPlays
_b two
260 _aLondon
_bMethuen UK
_c1978
300 _a253p.
_ccm.
490 _aThe master playwrights
650 _aENGLISH LITERATURE
942 _hO111,2N34x, L8
_cTEXL
_2CC
999 _c118602
_d118602